000
00321nam a22001337a 4500
008
171121b xxu||||| |||| 00| 0 eng d
020
_a
9780321840356
041
_a
eng
080
_2
12 ED
_a
37
100
_a
46
101
_a
EDU
245
_a
WRITING AND READING ACROSS THE CURRICULUM
_c
ROSEN.L.J
942
_2
udc
_c
BK
999
_c
38284
_d
38284